Analýza interface systému SAP R/3 vo väzbe na CAD systémy v podmienkach SLK INFORMA, a.s. Komárno : Diplomová práca
Guardado en:
| Autor principal: | |
|---|---|
| Otros Autores: | |
| Formato: | Manuscrito Libro |
| Lenguaje: | eslovaco |
| Publicado: |
Trnava :
STU v Bratislave MtF KAIA,
1997
|
| Materias: | |
| Etiquetas: |
Sin Etiquetas, Sea el primero en etiquetar este registro!
|
MARC
| LEADER | 00000ntm a22000003a 4500 | ||
|---|---|---|---|
| 001 | stu74453 | ||
| 005 | 20160719155104.9 | ||
| 008 | 020228s1997----xo------------------slo-d | ||
| 040 | |a STU |b slo | ||
| 041 | 0 | |a slo | |
| 044 | |a xo | ||
| 100 | 1 | |a Adler, Peter |4 aut | |
| 245 | 1 | |a Analýza interface systému SAP R/3 vo väzbe na CAD systémy v podmienkach SLK INFORMA, a.s. Komárno : |b Diplomová práca | |
| 260 | |a Trnava : |b STU v Bratislave MtF KAIA, |c 1997 | ||
| 300 | |a 52 s |c výťah | ||
| 650 | 7 | |a systémy informačné |2 stusub | |
| 650 | 7 | |a CAD systémy |2 stusub | |
| 650 | 7 | |a Strojárska aplikovaná informatika |2 stusub | |
| 700 | 1 | |a Ončák, Peter, |d 1938- |4 xxx |u M190 |U MTF Materiálovotechnologická fakulta |T MTF Katedra priemyselného inžinierstva a manažmentu |X 1508 |U M190 |Y 167 |7 A000001508 | |
| 996 | |b 284M041810 |c M*DP-1100 |l MMSKP |s P |a 0 |w stu74453_0001 | ||